书目信息 |
| 题名: |
告语人民
|
|
| 作者: | 晏阳初, , 赛珍珠, 著 ;宋恩荣 编 | |
| 分册: | ||
| 出版信息: | 桂林 广西师范大学出版社 2003.01 |
|
| 页数: | 388页, [8] 页图版 | |
| 开本: | 22cm | |
| 丛书名: | ||
| 单 册: | ||
| 中图分类: | G40-06 | |
| 科图分类: | ||
| 主题词: | 平民教育--研究 | |
| 电子资源: | ||
| ISBN: | 7-5633-3777-6 | |
| 000 | 00917nam0 2200253 450 | |
| 001 | 192004001170 | |
| 005 | 20070911102608.96 | |
| 010 | @a7-5633-3777-6@dCNY24.80 | |
| 100 | @a20070531d2003 ekmy0chiy0121 ea | |
| 101 | 0 | @achi |
| 102 | @aCN@b450000 | |
| 105 | @aacfhz 000yd | |
| 200 | 1 | @a告语人民@Agao yu ren min@f晏阳初, (美) 赛珍珠著@g宋恩荣编 |
| 210 | @a桂林@c广西师范大学出版社@d2003.01 | |
| 215 | @a388页, [8] 页图版@c图, 肖像, 摹真@d22cm | |
| 320 | @a有书目 | |
| 330 | @a本书收录了美国著名作家赛珍珠对晏阳初平民教育运动的采访稿《告语人民》,从一个世界公民的角度,将中国平民教育家晏阳初及其事业介绍给大家,在世界上产生了极大影响。 | |
| 606 | 0 | @a平民教育@x研究 |
| 690 | @aG40-06@v4 | |
| 701 | 0 | @a晏阳初,@Ayan yang chu@f1890-1990@4著 |
| 701 | 1 | @a赛珍珠,@Asai zhen zhu@bP. S.@g(Buck, Pearl S.),@f1892-1973@4著 |
| 702 | 0 | @a宋恩荣@Asong en rong@4编 |
| 801 | 0 | @aCN@c20070911 |
| 905 | @dG40-06@eY120 | |
| 告语人民/晏阳初, (美) 赛珍珠著/宋恩荣编.-桂林:广西师范大学出版社,2003.01 |
| 388页, [8] 页图版:图, 肖像, 摹真;22cm |
| ISBN 7-5633-3777-6:CNY24.80 |
| 本书收录了美国著名作家赛珍珠对晏阳初平民教育运动的采访稿《告语人民》,从一个世界公民的角度,将中国平民教育家晏阳初及其事业介绍给大家,在世界上产生了极大影响。 |
| ● |
| 相关链接 |
|
|
|
正题名:告语人民
索取号:G40-06/Y120
 
预约/预借
| 序号 | 登录号 | 条形码 | 馆藏地/架位号 | 状态 | 备注 |
| 1 | 622666 | 206226662 | 社科二线422/409社科库 1排4列4层/ [索取号:G40-06/Y120] | 在馆 | |
| 2 | 622667 | 206226671 | 社科库409/409社科库 1排4列4层/ [索取号:G40-06/Y120] | 在馆 | |
| 3 | 622668 | 206226680 | 社科库409/409社科库 1排4列4层/ [索取号:G40-06/Y120] | 在馆 |